Statistiques concernant Les marques de Sodas vendues en France

Cliquez ici pour prendre le quiz!

Statistiques générales

  • Ce quiz a été pris 405 fois
    (378 depuis la dernière actualisation)
  • Le résultat moyen est 9 sur 33

Statistiques - réponses

Réponses % Correct
Coca-cola
100%
Fanta
90%
Orangina
89%
Pepsi
76%
Sprite
62%
Seven up
60%
Oasis
58%
Lipton
51%
Schweppes
47%
Red bull
37%
Perrier
32%
Dr Pepper
27%
Monster
26%
Nestea
25%
Canada Dry
25%
Badoit
23%
Minute Maid
22%
Gini
15%
Arizona
11%
Burn
10%
Pulco
9%
Gatorade
6%
Finley
6%
Lorina
6%
Mirinda
5%
Sumol
5%
Dark Dog
5%
Champomy
4%
Kas
4%
Mezzo
3%
Bionina
3%
Sanpelligrino
1%
Big red
0%

Distribution des résultats

Percentile par nombre de réponses

% des personnes avec chaque résultat

Votre développement - résultats

Vous n’avez pas pris ce quiz depuis la dernière actualisation